Quizzes
Events
Quiz Creation
Community
Videos
Private Events
Remove Ads
Sign In
Join for FREE
Feedback
Dark Mode
Quiz Categories
Sports
Geography
Music
Movies
Television
Just For Fun
Miscellaneous
History
Literature
Language
Science
Gaming
Entertainment
Religion
Holiday
For Kids
Quiz Lab
Recent
Popular Today
Quiz Kudos Today
Editor Picks
Curator Picks
Quizzes by...
Day
Popularity
Type
Ratings
Length
Year
Community
Subscriptions
Recent Discussions
Orange Saloon
Badges
Playlists
Quests
Create
Leaderboards
Showdown
Live 5
Trivia Bingo
Activity
Puzzle Library
Sporcle Events
Private Events
Virtual Trivia
Globe League
Become a Host
Pub Owners
SporcleCon
Opinionation
Our Games
Videos
Blog
Mobile Apps
Partnerships
Remove Ads and Go Orange
Feedback
Sports
Athletes
MLB
NBA
NHL
NFL
Soccer
Sports Teams
WWE
NCAA
Football
Premier League
Basketball
Baseball
Hockey
Golf
Tennis
Cricket
Rugby
Auto Racing
Olympics
World Cup
Sports
Athletes
MLB
NBA
NHL
NFL
Soccer
Sports Teams
WWE
NCAA
Football
Premier League
Basketball
Baseball
Hockey
Golf
Tennis
Cricket
Rugby
Auto Racing
Olympics
World Cup
Random Quiz
Search Sporcle
×
Quiz Lab
Quiz Lab
Sports
College
Type in answers that appear in a list
Type in answers that appear in a list
Classic
Best Score? Go Orange.
Most College Football 10 Win Seasons Stats
Can you name the college football teams with at least ten '10 Win Seasons'?
By
jmatt22397
5m
24 Questions
10.4K Plays
10,364 Plays
10,364 Plays
Comments
Comments
Give Quiz Kudos
Give Quiz Kudos
-
- Ratings
hide this ad
More Info
Replay
Link that replays current quiz
Next Quiz
Link to next quiz in quiz playlist
You Got
0%
They Got
Avg Score
77%
Avg Friend Score
Upgrade to see
Score Distribution
Jump to the score distribution portion of the page
Score
0/24
Timer
05:00
0
Plays Today
Rank
Team
% Correct
2
Alabama Crimson Tide
97.4%
T-
16
Florida Gators
96.2%
T-
5
Texas Longhorns
96.1%
T-
5
USC Trojans
95.7%
4
Michigan Wolverines
95%
T-
9
Ohio State Buckeyes
94.4%
1
Oklahoma Sooners
93.7%
T-
9
Florida State Seminoles
92%
13
Notre Dame Fighting Irish
87.5%
T-
16
LSU Tigers
86.9%
T-
9
Georgia Bulldogs
86.8%
T-
14
Miami Hurricanes
86.3%
Rank
Team
% Correct
7
Penn State Nittany Lions
83.7%
3
Nebraska Cornhuskers
82.3%
T-
16
Auburn Tigers
81.7%
8
Tennessee Volunteers
80.1%
T-
20
Texas A&M Aggies
73.9%
T-
16
Washington Huskies
69.4%
T-
20
Arkansas Razorbacks
66.7%
T-
14
Virginia Tech Hokies
63.7%
T-
20
Boise State Broncos
59.6%
T-
20
TCU Horned Frogs
49.3%
12
BYU Cougars
49.3%
T-
20
Arizona State Sun Devils
46.7%
Quiz Playlist
Details
Report
Send in Message
Add To Playlist
More Info:
Only FBS (1-A) Teams are included.
Classic:
Type in answers that appear in a list
Quiz Source
Last Updated: Apr 12, 2017
Quiz Scoreboard
CHALLENGE
Sign Up to Join the Scoreboard
Show All
Scores
Hide
Comments
May contain spoilers
Recently Published
TV Characters by Other Roles V
by ghcgh
Television
5m
Decade Duel: World Leaders
by jenniferyan
History
4m
Alphabetical 'K' Countries by Flag Minefield
by ylime102
Geography
3m
More to Explore
Quiz From the Vault
Featured Blog Post
15 Basketball Trivia Facts You Can Be March Mad About
hide this ad
You Might Also Like...
Tags
College Quiz
Football Quiz
FBS
NCAA Football
season
ten
Win
Today's Top Quizzes in Sports
Browse Sports
hide this ad
Today's Top Quizzes in College
Browse College
Top Contributed Quizzes in Sports
1
Les joueurs à 100 buts en Ligue 1 Uber Eats
2
2022 World Cup Stars
3
Pick 6: NFL Teams
4
MLB 2 truths and a lie: Hall of Fame pitchers
5
Pick 6: Minor League Baseball
6
Millionaire: NBA Finals Edition
7
Pick 6: Olympics
8
50+ Goals in European Competition
9
Click the 1998 NBA Draft
10
Iconic Moments in Football - Multiple Choice
Explore More
Trending Topics
Kpop
Crossword
Marvel
Anime
Disney
Harry Potter
NBA
Pokémon
Country
NFL
Song
WWE
Puzzle
The Office
Soccer
hide this ad
More By:
jmatt22397
Quiz
Plays
Rating
Category
Featured
Created
US States: Letter per Letter
138,815
4.71
Geography
Aug 13, 2011
World Border Minefield 'A'
126,673
4.13
Geography
Jun 28, 2011
A-Z Keypad Blitz
118,129
4.69
Miscellaneous
Jun 27, 2011
Invisible US Presidents
112,660
4.58
History
Apr 19, 2011
Isogram Presidents
99,450
4.53
History
May 8, 2011
Go to Creator's Profile
Score Distribution
Quiz Creator Spotlight
jmatt22397
Follow
Send a Message
Quizzes Created
-
Created Quiz Play Count
-
More By This Creator
Popular Quizzes Today
1
Countries of Asia Without Outlines Minefield
2
Find the US States - No Outlines Minefield
3
Pick 6: Fruits
4
The Countries of the World
5
Find the Countries of Europe - No Outlines Minefield
6
Alphabetical 'K' Countries by Flag Minefield
7
US States
8
Find the US States
More Sports Quizzes
Top 10 clubs with the most PL managers
Quiz Lab
Trending Quizzes
Pick 6: Mountains
Pick 6: Harry Potter
Pick 6: NFL Teams
Pick 6: Flags
C Names for Actors
Recently Updated
Adaptations: Name the Title
pecheneg
NWSL Teams
pecheneg
Women's Final Four Teams by Year
bhenderson79
Presidents Quartet II
eogle
Anything But Clue(do)
eogle
Anything But Oceanian Capitals
eogle
Anything But 7
eogle
Anything But Thing
eogle
Word Ladder: February 29
pecheneg
Song Title Questions
pecheneg
Trending Topics
Disney
Anime
NBA
Crossword
Kpop
Marvel
Harry Potter
Country
WWE
The Office
Song
Soccer
Puzzle
Pokémon
NFL
Your Account Isn't Verified!
In order to create a playlist on Sporcle, you need to verify the email address you used during registration. Go to your
Sporcle Settings
to finish the process.
Report this User
Report this user for behavior that violates our
Community Guidelines
.
Details:
Send Report
Go to the Sporcle.com Mobile Site →
Comments